[Event "Izhevsk op-A"]
[Site "Izhevsk"]
[Date "2012.07.17"]
[Round "3"]
[White "Kharlov, Andrei"]
[Black "Kozionov, Kirill"]
[Result "1/2-1/2"]
[WhiteElo "2517"]
[BlackElo "2272"]
[PlyCount "106"]
[EventDate "2012.07.15"]
[EventType "swiss"]
[EventRounds "9"]
[EventCountry "RUS"]
[SourceTitle "EXT 2013"]
[Source "ChessBase"]
[SourceDate "2012.11.22"]
[SourceVersion "1"]
[SourceVersionDate "2012.11.22"]
[SourceQuality "1"]

1. d4 d5 2. c4 c6 3. Nf3 Nf6 4. e3 e6 5. Bd3 Nbd7 6. O-O Bd6 7. Nc3 O-O 8. e4
dxe4 9. Nxe4 Nxe4 10. Bxe4 h6 11. Bc2 e5 12. c5 Bc7 13. Qd3 f5 14. Qc4+ Kh8 15.
dxe5 Nxe5 16. Nxe5 Bxe5 17. Rd1 Qe7 18. Bb3 f4 19. Re1 Qf6 20. Bd2 Bxb2 21.
Rab1 Bd4 22. Bc2 f3 23. g3 Bf5 24. Rxb7 Bxc2 25. Qxc2 Rae8 26. Rxe8 Rxe8 27.
Rb3 Bxc5 28. h4 Bb6 29. Be3 Bxe3 30. fxe3 Qa1+ 31. Qb1 Qxb1+ 32. Rxb1 Rxe3 33.
Kf2 Re2+ 34. Kxf3 Rxa2 35. Rb8+ Kh7 36. Rc8 Ra3+ 37. Kf2 Ra6 38. Rc7 Kg6 39.
Kf3 h5 40. Rd7 Kf6 41. Kf4 c5 42. Rc7 Ra4+ 43. Ke3 c4 44. Rc6+ Kf5 45. Rc5+ Kg6
46. Rc6+ Kh7 47. Kf4 a5 48. Kg5 Rb4 49. Kxh5 Rb5+ 50. Kg4 a4 51. Rxc4 Ra5 52.
Rc2 a3 53. Ra2 Kg6 1/2-1/2

[Event "Izhevsk op-A"]
[Site "Izhevsk"]
[Date "2012.07.18"]
[Round "4"]
[White "Demianjuk, Alexander"]
[Black "Kharlov, Andrei"]
[Result "1/2-1/2"]
[WhiteElo "2309"]
[BlackElo "2517"]
[PlyCount "81"]
[EventDate "2012.07.15"]
[EventType "swiss"]
[EventRounds "9"]
[EventCountry "RUS"]
[SourceTitle "EXT 2013"]
[Source "ChessBase"]
[SourceDate "2012.11.22"]
[SourceVersion "1"]
[SourceVersionDate "2012.11.22"]
[SourceQuality "1"]

1. d4 Nf6 2. c4 e6 3. Nf3 d5 4. e3 c5 5. cxd5 Nxd5 6. Nc3 Nxc3 7. bxc3 cxd4 8.
cxd4 Bb4+ 9. Bd2 Bxd2+ 10. Qxd2 O-O 11. Bd3 Nd7 12. O-O b6 13. Qc2 Nf6 14. Rfc1
Bb7 15. Qc7 Bxf3 16. Qxd8 Rfxd8 17. gxf3 e5 18. dxe5 Rxd3 19. exf6 gxf6 20. Rc7
Ra3 21. Rd1 Rxa2 22. Rdd7 Rf8 23. Rxa7 Rxa7 24. Rxa7 Rb8 25. Ra4 Kf8 26. Kf1 b5
27. Rb4 Ke7 28. Ke2 Ke6 29. Rh4 Ra8 30. Rxh7 Ra2+ 31. Kd3 Rxf2 32. f4 b4 33.
Rh8 b3 34. Rb8 b2 35. h3 Rh2 36. Rb5 f5 37. h4 f6 38. h5 Kd6 39. h6 Kc6 40. Rb8
Kc7 41. Rb4 1/2-1/2

[Event "Vladivostok Russian Cup"]
[Site "Vladivostok"]
[Date "2012.09.17"]
[Round "1"]
[White "Pats, Vladimir"]
[Black "Kharlov, Andrei"]
[Result "0-1"]
[WhiteElo "1996"]
[BlackElo "2486"]
[PlyCount "70"]
[EventDate "2012.09.17"]
[EventType "swiss"]
[EventRounds "9"]
[EventCountry "RUS"]
[SourceTitle "CBM 150 Extra"]
[Source "ChessBase"]
[SourceDate "2012.10.19"]
[SourceVersion "1"]
[SourceVersionDate "2012.10.19"]
[SourceQuality "1"]

1. e4 c5 2. Nf3 d6 3. Nc3 Nf6 4. d4 cxd4 5. Nxd4 e6 6. Bd3 Be7 7. O-O O-O 8.
Be3 Nc6 9. Rc1 e5 10. Nb3 Be6 11. Re1 h6 12. Qe2 Rc8 13. h3 Nb4 14. Qd2 a6 15.
Red1 Nxd3 16. Qxd3 Bc4 17. Qd2 Qd7 18. Kh2 Rfe8 19. Qe1 Qe6 20. Kg1 d5 21. exd5
Nxd5 22. Nxd5 Bxd5 23. Qe2 b5 24. Qd3 Red8 25. Qe2 f5 26. Qh5 Rc4 27. Rd3 Rdc8
28. c3 Rh4 29. Qd1 Be4 30. Rd7 f4 31. Ba7 Bxg2 32. Qd3 Rxh3 33. Rxe7 Qg4 34. f3
Bxf3+ 35. Kf1 Rh1+ 0-1

[Event "Vladivostok Russian Cup"]
[Site "Vladivostok"]
[Date "2012.09.19"]
[Round "3"]
[White "Kovalenko, Igor"]
[Black "Kharlov, Andrei"]
[Result "1-0"]
[WhiteElo "2611"]
[BlackElo "2486"]
[PlyCount "35"]
[EventDate "2012.09.17"]
[EventType "swiss"]
[EventRounds "9"]
[EventCountry "RUS"]
[SourceTitle "CBM 150 Extra"]
[Source "ChessBase"]
[SourceDate "2012.10.19"]
[SourceVersion "1"]
[SourceVersionDate "2012.10.19"]
[SourceQuality "1"]

1. e4 e5 2. Nf3 Nc6 3. d4 exd4 4. Nxd4 Bb4+ 5. c3 Bc5 6. Be3 Bb6 7. Bd3 Nge7 8.
O-O O-O 9. Re1 Ne5 10. Bc2 d5 11. Nd2 c5 12. N4f3 Ng4 13. Bf4 dxe4 14. Nxe4 Nd5
15. Bd6 c4 16. Qxd5 Be6 17. Qd2 Re8 18. h3 1-0

[Event "Vladivostok Russian Cup"]
[Site "Vladivostok"]
[Date "2012.09.20"]
[Round "4"]
[White "Kharlov, Andrei"]
[Black "Biryukov, Mikhail"]
[Result "1-0"]
[WhiteElo "2486"]
[BlackElo "2199"]
[PlyCount "93"]
[EventDate "2012.09.17"]
[EventType "swiss"]
[EventRounds "9"]
[EventCountry "RUS"]
[SourceTitle "CBM 150 Extra"]
[Source "ChessBase"]
[SourceDate "2012.10.19"]
[SourceVersion "1"]
[SourceVersionDate "2012.10.19"]
[SourceQuality "1"]

1. c4 Nf6 2. g3 e5 3. Bg2 d5 4. cxd5 Nxd5 5. Nc3 Nb6 6. Nf3 Nc6 7. O-O Be7 8.
d3 O-O 9. a3 Be6 10. b4 a5 11. b5 Nd4 12. Nd2 Nd5 13. Bxd5 Bxd5 14. e3 Nxb5 15.
Nxb5 Bc6 16. a4 Qxd3 17. Ba3 Bb4 18. Bxb4 axb4 19. Rb1 Rfd8 20. Rb2 Rd7 21. Qb3
Qxb3 22. Nxb3 Rxa4 23. Nc5 Bxb5 24. Rc1 Re7 25. Nxa4 Bxa4 26. Rxb4 b5 27. Kg2
f6 28. f4 exf4 29. gxf4 f5 30. Kf2 Kf7 31. Rc5 g6 32. h4 Ke8 33. h5 Kd7 34.
Rd4+ Kc8 35. h6 Rd7 36. Ke1 Rxd4 37. exd4 Kd7 38. Kd2 Kd6 39. Kc3 c6 40. Re5
Kd7 41. Re1 Kd6 42. Rg1 Kd5 43. Rxg6 Ke4 44. Kb4 Kxd4 45. Rg7 c5+ 46. Ka5 c4
47. Rxh7 1-0

[Event "Vladivostok Russian Cup"]
[Site "Vladivostok"]
[Date "2012.09.21"]
[Round "5"]
[White "Maletin, Pavel"]
[Black "Kharlov, Andrei"]
[Result "1-0"]
[WhiteElo "2587"]
[BlackElo "2486"]
[PlyCount "57"]
[EventDate "2012.09.17"]
[EventType "swiss"]
[EventRounds "9"]
[EventCountry "RUS"]
[SourceTitle "CBM 150 Extra"]
[Source "ChessBase"]
[SourceDate "2012.10.19"]
[SourceVersion "1"]
[SourceVersionDate "2012.10.19"]
[SourceQuality "1"]

1. d4 d5 2. c4 e6 3. Nf3 c6 4. g3 dxc4 5. Bg2 b5 6. O-O Bb7 7. a4 Nd7 8. Nc3 a6
9. Ne5 Nxe5 10. dxe5 Qb8 11. Ne4 f5 12. exf6 Nxf6 13. Nxf6+ gxf6 14. Qd4 Be7
15. Qg4 Qe5 16. Qg7 Rf8 17. Qxh7 Qf5 18. Qxf5 exf5 19. axb5 axb5 20. Rxa8+ Bxa8
21. Bh3 Bb4 22. Bxf5 c3 23. Rd1 cxb2 24. Bxb2 Kf7 25. Rd7+ Kg8 26. Be6+ Kh8 27.
g4 c5 28. g5 c4 29. g6 1-0

[Event "Vladivostok Russian Cup"]
[Site "Vladivostok"]
[Date "2012.09.22"]
[Round "6"]
[White "Kharlov, Andrei"]
[Black "Demianjuk, Alexander"]
[Result "1-0"]
[WhiteElo "2486"]
[BlackElo "2324"]
[PlyCount "55"]
[EventDate "2012.09.17"]
[EventType "swiss"]
[EventRounds "9"]
[EventCountry "RUS"]
[SourceTitle "CBM 150 Extra"]
[Source "ChessBase"]
[SourceDate "2012.10.19"]
[SourceVersion "1"]
[SourceVersionDate "2012.10.19"]
[SourceQuality "1"]

1. d4 Nf6 2. c4 e6 3. Nc3 Bb4 4. e3 O-O 5. Bd3 d5 6. Nf3 c5 7. O-O dxc4 8. Bxc4
cxd4 9. exd4 a6 10. a4 Nc6 11. Bg5 Be7 12. Re1 h6 13. Bf4 Bd7 14. Qd2 Rc8 15.
Bxh6 gxh6 16. Qxh6 Nh7 17. d5 Nb4 18. Re5 f5 19. dxe6 Bc6 20. Rd1 Qe8 21. Nh4
Rf6 22. Qf4 Kh8 23. Rxf5 Bxg2 24. Rxf6 Bxf6 25. Nxg2 Qc6 26. Bb3 Rf8 27. Qxb4
Qf3 28. Qe4 1-0

[Event "Vladivostok Russian Cup"]
[Site "Vladivostok"]
[Date "2012.09.23"]
[Round "7"]
[White "Lyaskovsky, Valentin"]
[Black "Kharlov, Andrei"]
[Result "1-0"]
[WhiteElo "2292"]
[BlackElo "2486"]
[PlyCount "61"]
[EventDate "2012.09.17"]
[EventType "swiss"]
[EventRounds "9"]
[EventCountry "RUS"]
[SourceTitle "CBM 150 Extra"]
[Source "ChessBase"]
[SourceDate "2012.10.19"]
[SourceVersion "1"]
[SourceVersionDate "2012.10.19"]
[SourceQuality "1"]

1. c4 e5 2. Nc3 Nf6 3. g3 c6 4. Nf3 e4 5. Nd4 Bc5 6. Nb3 Bb4 7. Bg2 d5 8. cxd5
cxd5 9. O-O O-O 10. d3 Nc6 11. dxe4 Bxc3 12. exd5 Nxd5 13. e4 Bf6 14. exd5 Ne5
15. Nc5 Bg4 16. Qb3 Be2 17. Re1 Bc4 18. Qd1 Rc8 19. f4 Ng4 20. Qxg4 Rxc5 21.
Be3 Ra5 22. Rad1 Rxa2 23. Bc5 Qc8 24. Qxc8 Rxc8 25. d6 h5 26. Ba3 Rd8 27. d7
Be6 28. Bd5 Bxd5 29. Rxd5 g6 30. Re8+ Kh7 31. Be7 1-0

[Event "Vladivostok Russian Cup"]
[Site "Vladivostok"]
[Date "2012.09.24"]
[Round "8"]
[White "Kharlov, Andrei"]
[Black "Korniushin, Nikolay"]
[Result "0-1"]
[WhiteElo "2486"]
[BlackElo "2360"]
[PlyCount "50"]
[EventDate "2012.09.17"]
[EventType "swiss"]
[EventRounds "9"]
[EventCountry "RUS"]
[SourceTitle "CBM 150 Extra"]
[Source "ChessBase"]
[SourceDate "2012.10.19"]
[SourceVersion "1"]
[SourceVersionDate "2012.10.19"]
[SourceQuality "1"]

1. c4 Nf6 2. Nf3 g6 3. d4 Bg7 4. g3 O-O 5. Bg2 c6 6. O-O d5 7. Qb3 Qb6 8. Nc3
Na6 9. c5 Qxb3 10. axb3 Bf5 11. Bf4 Nd7 12. Nxd5 cxd5 13. c6 Rad8 14. cxb7 Ndb8
15. Rfc1 Rd7 16. Bxb8 Nxb8 17. Rxa7 Rd6 18. Ne5 Be6 19. e3 Bxe5 20. dxe5 Rb6
21. Rc7 Rxb3 22. Ra5 Rd8 23. Rxe7 Rxb2 24. h4 Rc2 25. Bxd5 Bxd5 0-1

[Event "Nezhmetdinov Memorial 35th"]
[Site "Kazan"]
[Date "2013.06.01"]
[Round "2"]
[White "Kharlov, Andrei"]
[Black "Mischuk, Dmitry"]
[Result "1-0"]
[WhiteElo "2474"]
[BlackElo "2312"]
[PlyCount "115"]
[EventDate "2013.05.31"]
[EventType "swiss"]
[EventRounds "9"]
[EventCountry "RUS"]
[SourceTitle "CBM 154 Extra"]
[Source "ChessBase"]
[SourceDate "2013.06.25"]
[SourceVersion "2"]
[SourceVersionDate "2013.06.25"]
[SourceQuality "1"]

1. Nf3 d5 2. d4 e6 3. c4 Nf6 4. Bg5 h6 5. Bxf6 Qxf6 6. Nc3 c6 7. Qc2 Nd7 8. g3
Qd8 9. Bg2 Be7 10. O-O O-O 11. e4 dxe4 12. Qxe4 c5 13. Rfd1 Qb6 14. Na4 Qb4 15.
b3 Bf6 16. Rac1 cxd4 17. Nxd4 Nc5 18. Nxc5 Qxc5 19. Nb5 a5 20. a4 Rb8 21. Rd3
b6 22. Nd6 Be7 23. Rcd1 Bxd6 24. Rxd6 Bb7 25. Qd3 Bxg2 26. Kxg2 Rfe8 27. Qf3
Re7 28. h4 Qc7 29. Kg1 Qc5 30. Qe4 Qb4 31. R1d3 Ree8 32. Qf4 Rb7 33. Kg2 Qc5
34. Qf3 Rc7 35. h5 Rcc8 36. Rd7 Re7 37. Rd8+ Re8 38. R3d7 Qf8 39. Rxe8 Qxe8 40.
Rd6 Rb8 41. Qe3 e5 42. Rxb6 Rd8 43. c5 e4 44. c6 Rc8 45. Qc5 Qd8 46. Qf5 e3 47.
fxe3 Qe8 48. Qf3 Qe6 49. g4 Rd8 50. Rb7 Rd5 51. Rb8+ Kh7 52. Rb5 Rd2+ 53. Kh3
Qd6 54. Qe4+ Kg8 55. Re5 g6 56. hxg6 Qf6 57. gxf7+ Kf8 58. Rf5 1-0

[Event "Nezhmetdinov Memorial 35th"]
[Site "Kazan"]
[Date "2013.06.02"]
[Round "3"]
[White "Grigoriants, Sergey"]
[Black "Kharlov, Andrei"]
[Result "1/2-1/2"]
[WhiteElo "2579"]
[BlackElo "2474"]
[PlyCount "48"]
[EventDate "2013.05.31"]
[EventType "swiss"]
[EventRounds "9"]
[EventCountry "RUS"]
[SourceTitle "CBM 154 Extra"]
[Source "ChessBase"]
[SourceDate "2013.06.25"]
[SourceVersion "2"]
[SourceVersionDate "2013.06.25"]
[SourceQuality "1"]

1. e4 c5 2. Nf3 Nc6 3. Bb5 d6 4. O-O Bd7 5. Re1 Nf6 6. c3 a6 7. Bf1 Bg4 8. h3
Bxf3 9. Qxf3 g6 10. Na3 Bg7 11. Nc2 e5 12. Ne3 O-O 13. g3 Ne7 14. Bg2 Qd7 15.
b3 Rab8 16. Bb2 Ne8 17. Qe2 Nc7 18. Rad1 Ne6 19. Nc2 Rfd8 20. Ba1 Nc6 21. Ne3
Ne7 22. Nc2 Nc6 23. Ne3 Ne7 24. Nc2 Nc6 1/2-1/2

[Event "Nezhmetdinov Memorial 35th"]
[Site "Kazan"]
[Date "2013.06.03"]
[Round "4"]
[White "Kharlov, Andrei"]
[Black "Kryakvin, Dmitry"]
[Result "1/2-1/2"]
[WhiteElo "2474"]
[BlackElo "2576"]
[PlyCount "225"]
[EventDate "2013.05.31"]
[EventType "swiss"]
[EventRounds "9"]
[EventCountry "RUS"]
[SourceTitle "CBM 154 Extra"]
[Source "ChessBase"]
[SourceDate "2013.06.25"]
[SourceVersion "2"]
[SourceVersionDate "2013.06.25"]
[SourceQuality "1"]

1. d4 Nf6 2. c4 g6 3. Nf3 Bg7 4. Nc3 d6 5. e4 O-O 6. Be2 e5 7. O-O Nh5 8. Bg5
f6 9. Be3 Nf4 10. Bxf4 exf4 11. d5 Nd7 12. Qd2 Bh6 13. b4 Qe7 14. Nb5 Ne5 15.
c5 a6 16. cxd6 cxd6 17. Nbd4 Bd7 18. Rac1 Rfc8 19. h3 Qe8 20. Nxe5 fxe5 21. Nf3
Qd8 22. Rxc8 Rxc8 23. Rc1 Rxc1+ 24. Qxc1 Bf8 25. Nd2 h5 26. Nb3 Qb6 27. Qc3 Be7
28. Na5 Bh4 29. Qe1 Kg7 30. Bf1 Be7 31. Qd2 g5 32. Nc4 Qc7 33. f3 g4 34. hxg4
hxg4 35. fxg4 Bh4 36. Qe2 b5 37. Nd2 Qc1 38. g5 Bxg5 39. Nf3 Bd8 40. Qf2 Qc7
41. g3 Qb8 42. Kh1 Bb6 43. Qh2 Qh8 44. Qxh8+ Kxh8 45. Kg2 Be3 46. gxf4 Bxf4 47.
Kf2 Kg7 48. Ne1 Kf6 49. Nd3 Kg5 50. Be2 Bd2 51. Bf3 Kh4 52. Ke2 Bc3 53. Kf2
Bd4+ 54. Ke2 Be8 55. Nc1 Kg3 56. Nd3 Bc3 57. Ke3 Bd7 58. Bh5 Bh3 59. Bg6 Bg2
60. Bf5 Bf3 61. Bg6 Bg4 62. Bh7 Bh3 63. Bg6 Bg4 64. Bf7 Kh4 65. Be6 Bd4+ 66.
Kd2 Bf3 67. Bf5 Kg3 68. Nc1 Bb6 69. Nd3 Bd8 70. Ne1 Bg5+ 71. Kd3 Bd1 72. Nc2
Kf2 73. Bc8 Be2+ 74. Kc3 Bf3 75. Kd3 Be2+ 76. Kc3 Kf3 77. Bxa6 Kxe4 78. a4 Kxd5
79. Bb7+ Ke6 80. a5 Kd7 81. Bd5 Kc7 82. Ne1 Bf6 83. Kb3 Bd1+ 84. Ka3 Bg5 85.
Nd3 Bc2 86. Nf2 Bc1+ 87. Ka2 Bf5 88. Ne4 Bd7 89. Kb3 Bc6 90. Nc3 Bd2 91. Kc2
Be1 92. Bb3 Bxc3 93. Kxc3 d5 94. Bd1 Bd7 95. Bf3 Kd6 96. Bg2 Bf5 97. Kd2 e4 98.
a6 Bc8 99. a7 Bb7 100. Bf1 Kc6 101. Ke3 Kb6 102. Kd4 Bc6 103. Be2 Kxa7 104. Kc5
Kb7 105. Bf1 Kc7 106. Be2 Kd7 107. Bg4+ Kc7 108. Be2 e3 109. Bf1 Kd7 110. Be2
Kc7 111. Bf1 Be8 112. Be2 Bf7 113. Kd4 1/2-1/2

[Event "Nezhmetdinov Memorial 35th"]
[Site "Kazan"]
[Date "2013.06.04"]
[Round "5"]
[White "Rychagov, Andrey"]
[Black "Kharlov, Andrei"]
[Result "0-1"]
[WhiteElo "2561"]
[BlackElo "2474"]
[PlyCount "52"]
[EventDate "2013.05.31"]
[EventType "swiss"]
[EventRounds "9"]
[EventCountry "RUS"]
[SourceTitle "CBM 154 Extra"]
[Source "ChessBase"]
[SourceDate "2013.06.25"]
[SourceVersion "2"]
[SourceVersionDate "2013.06.25"]
[SourceQuality "1"]

1. d4 Nf6 2. c4 e6 3. Nf3 d5 4. Nc3 dxc4 5. e4 Bb4 6. Bg5 c5 7. e5 cxd4 8. Nxd4
Bxc3+ 9. bxc3 Qa5 10. exf6 Qxg5 11. fxg7 Qxg7 12. Qd2 O-O 13. Bxc4 Bd7 14. O-O
Nc6 15. Nf3 Rad8 16. Qe3 Ne7 17. Ne5 Bc6 18. Nxc6 Nxc6 19. f4 Kh8 20. Rae1 Rg8
21. Re2 Ne7 22. Qxa7 Qxc3 23. Bb3 Nf5 24. Qf2 Rg4 25. Rc2 Qg7 26. Qe1 Rg8 0-1

[Event "Nezhmetdinov Memorial 35th"]
[Site "Kazan"]
[Date "2013.06.05"]
[Round "6"]
[White "Kharlov, Andrei"]
[Black "Kovalenko, Igor"]
[Result "1/2-1/2"]
[WhiteElo "2474"]
[BlackElo "2596"]
[PlyCount "98"]
[EventDate "2013.05.31"]
[EventType "swiss"]
[EventRounds "9"]
[EventCountry "RUS"]
[SourceTitle "CBM 154 Extra"]
[Source "ChessBase"]
[SourceDate "2013.06.25"]
[SourceVersion "2"]
[SourceVersionDate "2013.06.25"]
[SourceQuality "1"]

1. e4 c6 2. d4 d5 3. exd5 cxd5 4. c4 Nf6 5. Nc3 Nc6 6. Nf3 Be6 7. c5 g6 8. Bb5
Bg7 9. Ne5 Qc8 10. Qa4 Bd7 11. O-O a6 12. Nxd7 Nxd7 13. Nxd5 e6 14. Bxc6 bxc6
15. Nc3 O-O 16. Ne4 Qc7 17. Rd1 Nf6 18. Nxf6+ Bxf6 19. g3 Qb7 20. Bf4 Rfe8 21.
Rd2 Rad8 22. Rc1 Rd5 23. Rc3 Qd7 24. Bd6 e5 25. Qxa6 exd4 26. Rf3 Be5 27. Bxe5
Rexe5 28. b4 Qh3 29. Qf1 Qe6 30. Rd1 Re2 31. Rf6 Qe7 32. Rd6 Rde5 33. Kg2 Rxa2
34. Qd3 Re4 35. Rxd4 Qf6 36. Qf3 Qxf3+ 37. Kxf3 Ree2 38. Rf1 Rab2 39. Kg2 Kg7
40. h4 h6 41. Rg4 Red2 42. Rf4 g5 43. hxg5 hxg5 44. Re4 Kf6 45. Re8 Rxb4 46.
Rc8 Rbb2 47. Rxc6+ Kg7 48. Kf3 Rbc2 49. Ke4 Rc4+ 1/2-1/2

[Event "Nezhmetdinov Memorial 35th"]
[Site "Kazan"]
[Date "2013.06.06"]
[Round "7"]
[White "Durarbeyli, Vasif"]
[Black "Kharlov, Andrei"]
[Result "0-1"]
[WhiteElo "2597"]
[BlackElo "2474"]
[PlyCount "103"]
[EventDate "2013.05.31"]
[EventType "swiss"]
[EventRounds "9"]
[EventCountry "RUS"]
[SourceTitle "CBM 154 Extra"]
[Source "ChessBase"]
[SourceDate "2013.06.25"]
[SourceVersion "2"]
[SourceVersionDate "2013.06.25"]
[SourceQuality "1"]

1. g3 d5 2. Bg2 e5 3. Nf3 e4 4. Nd4 c5 5. Nb3 c4 6. Nd4 Bc5 7. c3 Nc6 8. Nxc6
bxc6 9. O-O Nf6 10. b3 O-O 11. bxc4 dxc4 12. Na3 Qd5 13. Nc2 Rd8 14. Ne3 Qh5
15. Qa4 Bxe3 16. dxe3 Qxe2 17. Ba3 Re8 18. Qxc6 Bd7 19. Qc5 Be6 20. Rfe1 Qc2
21. Qa5 Rad8 22. Rab1 Rd2 23. Rb2 Qd3 24. Bf1 Qd7 25. Reb1 Rxb2 26. Rxb2 h5 27.
Bc5 Bh3 28. Be2 Qf5 29. Qxa7 Ng4 30. Bd1 Ne5 31. Bd4 Nd3 32. Rd2 Kh7 33. Qb7
Bg4 34. Ba4 Ne1 35. f4 Nf3+ 36. Kf2 Re6 37. Rd1 Qa5 38. Bc2 Qxa2 39. Rc1 Nxd4
40. cxd4 Qa5 41. Rd1 Bxd1 42. Bxd1 c3 43. Qb1 g6 44. g4 hxg4 45. Qb7 Kg7 46.
Bb3 Qb6 47. Qd5 Qc6 48. Qa5 c2 49. d5 c1=Q 50. dxc6 Qb2+ 51. Kg3 Qxb3 52. Qc5
0-1

[Event "Nezhmetdinov Memorial 35th"]
[Site "Kazan"]
[Date "2013.06.08"]
[Round "9"]
[White "Kokarev, Dmitry"]
[Black "Kharlov, Andrei"]
[Result "0-1"]
[WhiteElo "2639"]
[BlackElo "2474"]
[PlyCount "42"]
[EventDate "2013.05.31"]
[EventType "swiss"]
[EventRounds "9"]
[EventCountry "RUS"]
[SourceTitle "CBM 154 Extra"]
[Source "ChessBase"]
[SourceDate "2013.06.25"]
[SourceVersion "2"]
[SourceVersionDate "2013.06.25"]
[SourceQuality "1"]

1. e4 c5 2. Nf3 Nc6 3. d4 cxd4 4. Nxd4 e5 5. Nb5 a6 6. Nd6+ Bxd6 7. Qxd6 Qe7 8.
Qd1 Nf6 9. Nc3 d6 10. Bg5 Be6 11. Bxf6 Qxf6 12. Qxd6 Nd4 13. Bd3 Rd8 14. Qb4
Qf4 15. Ne2 Nxe2 16. Kxe2 Rd4 17. Qc5 Kd7 18. h3 Rc8 19. Qb6 Rxc2+ 20. Bxc2
Bc4+ 21. Bd3 Bxd3+ 0-1

[Event "Samara Polugaevsky Memorial 3rd"]
[Site "Samara"]
[Date "2013.07.04"]
[Round "3"]
[White "Bochkarev, Alexey"]
[Black "Kharlov, Andrei"]
[Result "1/2-1/2"]
[WhiteElo "2309"]
[BlackElo "2504"]
[PlyCount "82"]
[EventDate "2013.07.02"]
[EventType "swiss"]
[EventRounds "9"]
[EventCountry "RUS"]
[SourceTitle "CBM 155 Extra"]
[Source "ChessBase"]
[SourceDate "2013.08.26"]
[SourceVersion "1"]
[SourceVersionDate "2013.08.26"]
[SourceQuality "1"]

1. d4 e6 2. e4 b6 3. Nf3 Bb7 4. Bd3 c5 5. c3 Nf6 6. Qe2 Be7 7. O-O Nc6 8. a3 d5
9. exd5 exd5 10. Bg5 O-O 11. Nbd2 h6 12. Bh4 Re8 13. Qd1 Nh5 14. Bxe7 Rxe7 15.
Re1 Nf4 16. Bf1 Bc8 17. dxc5 bxc5 18. Qa4 Qd6 19. Rxe7 Nxe7 20. Qe8+ Kh7 21.
Re1 Ng8 22. g3 Nf6 23. Qxf7 Be6 24. Qb7 Rb8 25. Qxa7 Nh3+ 26. Kg2 Rxb2 27. Bd3+
Kg8 28. Qa8+ Kf7 29. Ne5+ Ke7 30. Ng6+ Kf7 31. Qa7+ Nd7 32. Re2 Kf6 33. Qa8 Rb8
34. Qa7 Qb6 35. Qxb6 Rxb6 36. Rxe6+ Kxe6 37. Kxh3 Rb2 38. Nf4+ Kd6 39. Nf1 Rxf2
40. Ne3 g5 41. Nfxd5 Ke5 1/2-1/2

[Event "Samara Polugaevsky Memorial 3rd"]
[Site "Samara"]
[Date "2013.07.05"]
[Round "4"]
[White "Kharlov, Andrei"]
[Black "Drozdova, Dina"]
[Result "1/2-1/2"]
[WhiteElo "2504"]
[BlackElo "2315"]
[PlyCount "81"]
[EventDate "2013.07.02"]
[EventType "swiss"]
[EventRounds "9"]
[EventCountry "RUS"]
[SourceTitle "CBM 155 Extra"]
[Source "ChessBase"]
[SourceDate "2013.08.26"]
[SourceVersion "1"]
[SourceVersionDate "2013.08.26"]
[SourceQuality "1"]

1. d4 e6 2. c4 Nf6 3. Nc3 Bb4 4. e3 O-O 5. Bd3 c5 6. Nf3 Nc6 7. O-O Bxc3 8.
bxc3 d6 9. Nd2 e5 10. d5 Ne7 11. Qc2 Bd7 12. a4 Qc8 13. a5 Bf5 14. e4 Bd7 15.
f3 Nh5 16. g3 g6 17. Nb3 f5 18. Bg5 Rf7 19. exf5 Bxf5 20. Nd2 Kg7 21. Ne4 Bxe4
22. fxe4 Rxf1+ 23. Rxf1 Ng8 24. Qf2 Qf8 25. Qg2 Nhf6 26. Be2 h6 27. Be3 Qe7 28.
h4 Rf8 29. g4 Nh7 30. g5 Rxf1+ 31. Bxf1 hxg5 32. hxg5 Qd8 33. Qg4 Nf8 34. Bh3
Qxa5 35. Qc8 Qxc3 36. Qc7+ Kh8 37. Kf2 Qc2+ 38. Kf3 Qd1+ 39. Kf2 Qc2+ 40. Kf3
Qd1+ 41. Kf2 1/2-1/2

[Event "Samara Polugaevsky Memorial 3rd"]
[Site "Samara"]
[Date "2013.07.06"]
[Round "5"]
[White "Artamonov, Valery"]
[Black "Kharlov, Andrei"]
[Result "0-1"]
[WhiteElo "2242"]
[BlackElo "2504"]
[PlyCount "85"]
[EventDate "2013.07.02"]
[EventType "swiss"]
[EventRounds "9"]
[EventCountry "RUS"]
[SourceTitle "CBM 155 Extra"]
[Source "ChessBase"]
[SourceDate "2013.08.26"]
[SourceVersion "1"]
[SourceVersionDate "2013.08.26"]
[SourceQuality "1"]

1. g3 d5 2. Bg2 e5 3. c4 dxc4 4. Qa4+ c6 5. Qxc4 Be6 6. Qc3 f6 7. Nf3 Ne7 8.
O-O Nd5 9. Qb3 Qd7 10. Qa4 Nb6 11. Qc2 c5 12. a4 Nc6 13. a5 Nd5 14. Nc3 Ndb4
15. Qd1 Qf7 16. Ra3 Be7 17. a6 b6 18. d3 O-O 19. Nd2 Rac8 20. f4 exf4 21. Nde4
f5 22. Rxf4 Qh5 23. Nf2 Nd4 24. Bb7 Rcd8 25. Qf1 Bd6 26. Rh4 Qg6 27. Kh1 Nbc2
28. Ra4 b5 29. Ra5 b4 30. Nd5 Nb3 31. Bf4 Qf7 32. Bxd6 Bxd5+ 33. e4 Bxb7 34.
Bxf8 Nxa5 35. Bxc5 Ba8 36. Kg1 Nb3 37. Qh3 h6 38. g4 fxe4 39. Rh5 Nxc5 40. Rxc5
e3 41. Rxc2 exf2+ 42. Rxf2 Qd5 43. Kf1 0-1

[Event "Samara Polugaevsky Memorial 3rd"]
[Site "Samara"]
[Date "2013.07.07"]
[Round "6"]
[White "Kharlov, Andrei"]
[Black "Khatoev, Eduard"]
[Result "0-1"]
[WhiteElo "2504"]
[BlackElo "2338"]
[PlyCount "198"]
[EventDate "2013.07.02"]
[EventType "swiss"]
[EventRounds "9"]
[EventCountry "RUS"]
[SourceTitle "CBM 155 Extra"]
[Source "ChessBase"]
[SourceDate "2013.08.26"]
[SourceVersion "1"]
[SourceVersionDate "2013.08.26"]
[SourceQuality "1"]

1. c4 Nf6 2. Nf3 g6 3. g3 Bg7 4. Bg2 c6 5. d4 d5 6. Qb3 O-O 7. O-O Qb6 8. Nc3
Rd8 9. h3 Be6 10. c5 Qxb3 11. axb3 Nbd7 12. b4 a6 13. Ng5 Bf5 14. g4 Bc2 15.
Be3 e5 16. Rfc1 Bb3 17. Nf3 exd4 18. Bxd4 Bc4 19. Nd2 Bb5 20. Nb3 Nf8 21. Nxb5
axb5 22. Rxa8 Rxa8 23. Na5 Ne6 24. Bc3 Ra7 25. e3 Nd7 26. Ra1 Ne5 27. Ra3 Kf8
28. Kf1 g5 29. Ke2 Ng6 30. Nb3 Rxa3 31. Bxg7+ Kxg7 32. bxa3 Kf6 33. Na5 Nd8 34.
Kd2 Ke5 35. Bf1 Nf8 36. Bd3 h6 37. Kc3 Nfe6 38. Nb3 Ng7 39. Nd4 Nde6 40. Nf3+
Kf6 41. Be2 h5 42. gxh5 Nxh5 43. h4 gxh4 44. Nxh4 Nhg7 45. Nf3 Nf5 46. Nd2 Ng5
47. Bd3 Nh3 48. Bxf5 Kxf5 49. f3 Ng5 50. Kd3 f6 51. Ke2 Nf7 52. Nb3 Ke5 53. Nd4
f5 54. f4+ Kf6 55. Kf3 Nd8 56. Kg3 Kg6 57. Kh4 Nf7 58. Nf3 Nd8 59. Ne5+ Kh6 60.
Kg3 Kg7 61. Nd7 Kf7 62. Nb6 Ke6 63. Kh4 Kf6 64. Nc8 Nf7 65. Kh5 Nd8 66. Kh4 Nf7
67. Kg3 Ke6 68. Kf3 Kd7 69. Nb6+ Kc7 70. a4 bxa4 71. Nxa4 Nd8 72. Ke2 Ne6 73.
Kd3 d4 74. Nb6 dxe3 75. Kxe3 Kd8 76. Nc4 Kd7 77. Ne5+ Ke7 78. Nc4 Nc7 79. Nd6
Nd5+ 80. Kf3 Ke6 81. b5 b6 82. bxc6 bxc5 83. Nc4 Ne7 84. c7 Kd7 85. Kg3 Kxc7
86. Kh4 Kc6 87. Kg5 Kd5 88. Na5 Ke4 89. Nc4 Kd5 90. Na5 c4 91. Kf6 c3 92. Kxe7
c2 93. Nb3 Ke4 94. Ke6 Kxf4 95. Nd4 c1=Q 96. Ne2+ Ke3 97. Nxc1 f4 98. Na2 Kd2
99. Nb4 f3 0-1